export_success — 

Houseman's law of life assurance /

Bibliographic Details
Main Authors: Surridge, Robert, (Author), John, Noleen, (Author), Murphy, Brian, (Author)
Format: eBook
Language:English
Published: Haywards Heath, West Sussex : Bloomsbury Professional, [2016]
Edition:Fifteenth edition.
Subjects:
Online Access:Click to View
LEADER 01722nam a2200421 i 4500
001 EBC6683798
003 MiAaPQ
005 20220603083225.0
006 m o d |
007 cr cnu||||||||
008 220603s2016 enk o 000 0 eng d
020 |z 9781784514488  |q (print) 
020 |a 9781784514495  |q (electronic bk.) 
035 |a (MiAaPQ)EBC6683798 
035 |a (Au-PeEL)EBL6683798 
035 |a (OCoLC)1262373161 
040 |a MiAaPQ  |b eng  |e rda  |e pn  |c MiAaPQ  |d MiAaPQ 
043 |a e-uk--- 
050 4 |a KD1864  |b .S877 2016 
082 0 |a 346.41086  |2 23 
100 1 |a Surridge, Robert,  |e author. 
245 1 0 |a Houseman's law of life assurance /  |c Robert Surridge, Noleen John, Brian Murphy. 
250 |a Fifteenth edition. 
264 1 |a Haywards Heath, West Sussex :  |b Bloomsbury Professional,  |c [2016] 
264 4 |c Ã2016 
300 |a 1 online resource (821 pages) 
336 |a text  |b txt  |2 rdacontent 
337 |a computer  |b c  |2 rdamedia 
338 |a online resource  |b cr  |2 rdacarrier 
588 |a Description based on print version record. 
590 |a Electronic reproduction. Ann Arbor, MI : ProQuest, 2018. Available via World Wide Web. Access may be limited to ProQuest affiliated libraries. 
650 0 |a Life insurance  |x Law and legislation  |z Great Britain. 
655 4 |a Electronic books. 
700 1 |a John, Noleen,  |e author. 
700 1 |a Murphy, Brian,  |e author. 
776 0 8 |i Print version:  |a Surridge, Robert.  |t Houseman's law of life assurance.  |b Fifteenth edition.  |d Haywards Heath, West Sussex : Bloomsbury Professional, c2016   |h 821 pages   |z 9781784514488 
797 2 |a ProQuest (Firm) 
856 4 0 |u https://ebookcentral.proquest.com/lib/matrademy/detail.action?docID=6683798  |z Click to View